| 000 | 00371nam a2200157Ia 4500 | ||
|---|---|---|---|
| 008 | 210716s1986 xx 000 0 und d | ||
| 020 | _a9971846594 | ||
| 041 | _aeng | ||
| 082 | _a005.304 TOWC | ||
| 100 | _aTownsend, Carl. | ||
| 245 | _aBetter symphony spredsheets. | ||
| 250 | _a1 | ||
| 260 |
_aUSA _bTech Publications _c1986 |
||
| 300 | _axiv,287 | ||
| 650 | _aNone | ||
| 999 |
_c180640 _d180640 |
||